Statistiken für Nordseeländer

Klicken Sie hier um das Quiz zu spielen!

Allgemein

  • Dieses Quiz wurde 11.078 mal gespielt
  • Das Durchschnittsergebnis liegt bei 7 aus 7

Antwortstatistiken

Land% Korrekt
Deutschland
99%
Dänemark
97%
Niederlande
96%
Norwegen
94%
Belgien
90%
Vereinigtes Königreich
90%
Frankreich
86%

Verteilung der Resultate

Perzentil nach korrekt beantworteten Fragen

Anzahl Personen mit jedem Resultat

Ihre Resultats-Entwicklung

Sie haben dieses Quiz noch nicht gespielt